000 00826nam0a22002531 4500
001 rc\3440726
005 20260407080654.0
021 _aRU
_bРг1394-72
035 _a(NLR Aleph) 007568024
090 _a5373705
_c5373705
100 _a20130115d1971 |||y0rusy50 ca
101 0 _arus
102 _aRU
105 _aa b |||||
200 1 _aГерметичные никель-кадмиевые щелочные аккумуляторы и батареи
_e[Каталог]
210 _aМосква
_cБ. и.
_d[1971]
215 _a8 с.
_cил.
_d29
225 1 _aИнформэлектро
_v22.02.07-71
712 0 2 _4475
_aВНИИ электромеханики
_3RU\NLR\AUTH\886279
_9284356
801 0 _aRU
_bNLR
_gpsbo
801 1 _aRU
_bELAR
_2rusmarc
852 _aNLR
_jПт 20/1-22-02.07-71
942 _cBOOK
980 _aNB